Online Catalogue and eLibrary

Srilankika deshapalanaya thula kantha sahabagithwaya (Record no. 2433)

MARC details
000 -LEADER
fixed length control field 00456nam a2200157Ia 4500
005 - DATE AND TIME OF LATEST TRANSACTION
control field 20250623025321.0
008 - FIXED-LENGTH DATA ELEMENTS--GENERAL INFORMATION
fixed length control field 240331s9999 xx 000 0 und d
020 ## - INTERNATIONAL STANDARD BOOK NUMBER
ISBN 9556070257
082 ## - DDC Classification
Item Number - Author Mark LIY
Class No. 323
100 ## - MAIN ENTRY--PERSONAL NAME
Personal name Liyanage, K
245 #0 - TITLE STATEMENT
Title Srilankika deshapalanaya thula kantha sahabagithwaya
260 ## - PUBLICATION, DISTRIBUTION, ETC.
Place of publication, distribution, etc. Colombo
Name of publisher, distributor, etc. A.M.D. Gunasena & Co., Ltd
Date of publication, distribution, etc. 1998
300 ## - PHYSICAL DESCRIPTION
Extent (e.g. Volumes, Pages etc.) 128 p .,
500 ## - GENERAL NOTE
General note A book on Women's participation in Sri Lankan politics
942 ## - Koha item type (Biblio)
Koha item type Books in Stacks (Lending)
Holdings
Lost status Damaged status Collection code Home library Current library Shelving location Date acquired Full call number Accession Number Item type
    Lending WERC Library WERC Library Social Science Cupboard 03/31/2024 323.334 LIY 2874 Books in Stacks (Lending)

© WERC Library